000 00376nam a2200133Ia 4500
005 20260326100036.0
008 260326s9999||||xx |||||||||||||| ||und||
100 _aFumadó, Joan Lluís ; Paricio, Ignacio
245 0 _aEl Tendido de las Instalaciones /
_cJoan Lluís ; Paricio, Ignacio Fumadó
260 _bBisagra
300 _a80 p.
650 _aCONSTRUCCIÓN
942 _cBK
999 _c6802
_d6802